Statistics for Super Smash Bros Ultimate - Final Smashes

Click here to take the quiz!

General Stats

  • This quiz has been taken 77 times
  • The average score is 29 of 40

Answer Stats

Final Smash NameSmash Fighter% Correct
Blue FalconCaptain Falcon
100%
NES Zapper PosseDuck Hunt
100%
IcebergIce Climbers
100%
All-Out-AttackJoker
100%
Ancient Bow And ArrowLink
100%
Mega LegendsMega Man
100%
OctopusMr Game & Watch
100%
Volt TacklePichu
100%
Triple FinishPokemon Trainer
100%
Grand StarRosalina & Luma
100%
Zero LaserSamus
100%
Guided Robo BeamR.O.B
88%
Torrential RoarCorrin
86%
Team Star FoxFox
86%
Awakening AetherChrom
83%
Jungle RushDonkey Kong
83%
Team Star FoxFalco
83%
Puff UpJigglypuff
83%
BlossomPeach
83%
Petey ( )Piranha Plant
83%
Shinku HadokenRyu
83%
Wii FitWii Fit Trainer
83%
Shadow Mario PaintBowser Jr.
80%
Ultra SwordKirby
80%
Dream HomeVillager
80%
Dream Town HallIsabelle
75%
Shippu JinraikyakuKen
75%
PK StarstormLucas
75%
Poltergeist G-00Luigi
75%
Triforce SlashYoung Link
75%
Hyper RocketbarrelDiddy Kong
71%
Infernal ClimaxBayonetta
67%
Secret Ninja AttackGreninja
67%
Great AetherIke
67%
Critical HitMarth
67%
Full BlastMii Gunner
67%
Black Hole LaserPalutena
67%
Volt TacklePikachu
67%
Grand CrossRichter
67%
Grand CrossSimon
67%
Team Star ( )Wolf
67%
Triforce Of WisdomZelda
67%
Zero LaserZero Suit Samus
67%
Giga PunchBowser
60%
Doctor FinaleDr. Mario
60%
Dede-RushKing Dedede
60%
Triforce SlashToon Link
57%
BlossomDaisy
50%
StaffDark Pit
50%
The Demon KingGanondorf
50%
GigaslashHero
50%
Blast-O-MaticKing K. Rool
50%
Aura StormLucario
50%
Critical HitLucina
50%
PsystrikeMewtwo
50%
Lightning ChariotPit
50%
Plasma ScreamRidley
50%
Pair UpRobin
50%
Critical HitRoy
50%
Chain AttackShulk
50%
( )-ManWario
50%
StampedelYoshi
50%
Omega BlitzMii Brawler
44%
Darkness IllusionsMeta Knight
43%
OmnislashCloud
40%
Phazon LaserDark Samus
40%
Killer WailInkling
40%
Super ( )Pac-Man
40%
Sheikah DanceSheik
40%
( ) FinaleMario
33%
Final EdgeMii Swordfighter
33%
Giga RushLittle Mac
25%
Super ( )Sonic
20%
The Mighty JinjonatorBanjo & Kazookie
0%
Max Malicious MoonsaultIncineroar
0%
Covering FireSnake
0%

Score Distribution

Percentile by Number Answered

Percent of People with Each Score

Your Score History

You have not taken this quiz